Kong Meng xue shuo zhi jing yi /
Saved in:
| Main Author: | |
|---|---|
| Format: | Book |
| Language: | Chinese |
| Published: |
[Taibei,
1972]
|
| Subjects: | |
| Tags: |
Add Tag
No Tags, Be the first to tag this record!
|
| LEADER | 00667cam a2200205ui 4500 | ||
|---|---|---|---|
| 001 | 007724608-X | ||
| 005 | 20100106113905.0 | ||
| 008 | 980302s1972 ch 000 0 chi d | ||
| 035 | 0 | |a ocm38532597 | |
| 040 | |a *YNH* |c *YNH* |d CStRLIN | ||
| 100 | 1 | |6 880-01 |a Chen, Lifu, |d 1900- | |
| 245 | 1 | 0 | |6 880-02 |a Kong Meng xue shuo zhi jing yi / |c Chen Lifu jiang ; Jiao yu bu wen hua ju bian yin. |
| 260 | |6 880-03 |a [Taibei, |c 1972] | ||
| 300 | |a 16 p. ; |c 19 cm. | ||
| 650 | 0 | |a Confucianism. | |
| 880 | 1 | |6 100-01 |a 陳立夫, |d 1900- | |
| 880 | 1 | 0 | |6 245-02 |a 孔孟學說之精義 / |c 陳立夫講 ; 教育部文化局編印. |
| 880 | |6 260-03 |a [台北, |c 1972] | ||
| 988 | |a 20021121 | ||
| 906 | |0 MH | ||


